Topics in modern mathematics

Saved in:
Bibliographic Details
Main Author: Nahikian, Howard M.
Format: Book
Language:English
Published: New York : London : MacMillan Company ;, Collier-MacMillan Limited, c1966
Subjects:
Tags: Add Tag
No Tags, Be the first to tag this record!

MARC

LEADER 00000cam a2200000 i 4500
001 1/6304
008 100331s1966 eng d
035 |l 10107464 
040 |a GR-MY-UA  |b gre  |e aacr 
041 0 |a eng 
082 0 |a 510  |2 (22) 
100 1 |a Nahikian, Howard M. 
245 1 0 |a Topics in modern mathematics /  |c Howard M. Nahikian 
260 |a New York :   |a London :   |b MacMillan Company ;,   |b Collier-MacMillan Limited,   |c c1966 
300 |a viii, 262 σ.;  |b σχέδια;  |c 24 εκ. 
504 |a Περιέχει ευρετήριο 
650 0 0 |a Mathematics. 
852 |a INST  |b SAMOS  |c MAG  |e 20100331  |h 510 NAH  |p 005300032066  |q 005300032066  |t BK  |y 0 
901 |a BIBL3-2010-1 
909 |a Σ  |b 162141 
970 |a ΡΟΥΣΣΟΥ  |b ΚΩΝΣΤΑΝΤΙΝΑ  |z 2010/03/31